El socialismo del siglo XXI en perspectiva ecomunitarista a la luz del socialismo real del siglo XX /

Spremljeno u:
Bibliografski detalji
Glavni autor: López Velasco, Sirio (autor)
Format: Knjiga
Jezik:španjolski
Izdano: Aguascalientes, México : San Luis Potosí, México : México : Centro de Estudios Jurídicos y Sociales Mispat ; Universidad Autónoma de San Luis Potosí ; Torres Asociados, 2010, c2010
Teme:
Oznake: Dodaj oznaku
Bez oznaka, Budi prvi tko označuje ovaj zapis!

MARC

LEADER 00000nam^a2200000^a^4500
001 000380287
005 20250521000000.0
009 20260310120554.842
020 |a 978-607-8062-03-4 
037 |a Acervo ITESO - Biblioteca 
041 |a ESP 
082 |a 320. 5312  |b LOP 
100 |a López Velasco, Sirio  |e (autor) 
245 1 3 |a El socialismo del siglo XXI en perspectiva ecomunitarista a la luz del socialismo real del siglo XX /  |c S. López Velasco. 
264 4 |a Aguascalientes, México :  |b Centro de Estudios Jurídicos y Sociales Mispat ;  |a San Luis Potosí, México :  |b Universidad Autónoma de San Luis Potosí ;  |a México :  |b Torres Asociados,  |c 2010, c2010 
300 |a 145 p. 
336 |a texto  |b txt  |2 rdacontenido 
337 |a sin mediación  |b n  |2 rdamedio 
338 |a volumen  |b nc  |2 rdasoporte 
649 |a XX 
650 |a Mujeres -  |z Venezuela -  |x Condiciones Laborales 
650 |a Trabajo -  |z Latinoamérica -  |x Aspectos Jurídicos 
650 |a Socialismo -  |z Bolivia 
650 |a Socialismo -  |z Venezuela 
650 |a Socialismo -  |z Ecuador 
650 |a Socialismo -  |z Cuba 
650 |a Socialismo -  |z Latinoamérica -  |x Tema Principal 
650 |a Socialismo -  |x Historia -  |y Siglo XX 
650 |a Socialismo -  |x Historia -  |y Siglo XXI -  |x Tema Principal 
650 |a Educación -  |z Latinoamérica 
650 |a Elecciones -  |z Venezuela -  |x Historia -  |y Siglo XXI 
650 |a Política -  |z Latinoamérica 
650 |a Latinoamérica -  |x Condiciones Políticas 
650 |a Buzgalin, A.V. 
650 |a Makarenko, Anton 
600 |a Dieterich, Heinz 
910 |a Fondo General 
920 |a Impresos - Libros 
930 |a Colección General 
905 |a 101 
901 |a 0500275417  |b IT1  |c ACC  |i D66050  |u 20250521 
902 |a https://opac.biblio.iteso.mx/vufind/Record/000380287